Spanish 5000 #20 - Nouns (Feminine, Cognates, Hard) - Statistics

General Stats
  • This quiz has been taken 25 times
  • The average score is 161 of 246
Answer Stats
English Spanish % Correct
alternative alternativa
100%
clinic clínica
100%
conception concepción
100%
conviction convicción
100%
creature, child criatura
100%
devotion devoción
100%
discipline, subject disciplina
100%
diversity, variety diversidad
100%
duration, length duración
100%
eternity eternidad
100%
pharmacy, drugstore farmacia
100%
federation federación
100%
philosophy filosofía
100%
flora flora
100%
foundation fundación
100%
galaxy galaxia
100%
generation generación
100%
ideology ideología
100%
ignorance ignorancia
100%
illustration ilustración
100%
impotence impotencia
100%
inclusion inclusión
100%
indication indicación
100%
influence influencia
100%
intention intención
100%
intervention intervención
100%
legislation legislación
100%
limitation limitación
100%
logic lógica
100%
nationality nacionalidad
100%
narrative, story narrativa
100%
negotiation negociación
100%
notion, idea noción
100%
observation observación
100%
occupation, use ocupación
100%
offensive, attack ofensiva
100%
opera ópera
100%
opposition oposición
100%
perception percepción
100%
perfection perfección
100%
politics, policy política
100%
power, potential potencia
100%
production producción
100%
productivity productividad
100%
promotion promoción
100%
rebellion rebelión
100%
relevance relevancia
100%
republic república
100%
situation situación
100%
society sociedad
100%
therapy terapia
100%
transition transición
100%
variation variación
100%
victim, casualty víctima
100%
victory, triumph victoria
100%
accumulation acumulación
75%
agency, branch agencia
75%
diary, agenda, schedule agenda
75%
aggression, attack agresión
75%
alteration, change alteración
75%
ambition ambición
75%
autonomy, range autonomía
75%
circulation, traffic circulación
75%
cocaine, coke coca
75%
conference, lecture conferencia
75%
conquest conquista
75%
contamination, pollution contaminación
75%
continuity continuidad
75%
convention, assembly convención
75%
conversion, change conversión
75%
coordination coordinación
75%
correction, amendment corrección
75%
credibility credibilidad
75%
density, thickness densidad
75%
dependence, dependency dependencia
75%
depression, slump depresión
75%
determination determinación
75%
dignity dignidad
75%
dimension, size dimensión
75%
entity entidad
75%
stability estabilidad
75%
evaluation, assessment evaluación
75%
evidence, certainty evidencia
75%
exception excepción
75%
existence, life existencia
75%
explanation explicación
75%
exploration exploración
75%
export, exportation exportación
75%
extension, area, expanse extensión
75%
fauna, wildlife fauna
75%
formation, education formación
75%
fortune, fate fortuna
75%
frustration frustración
75%
function, meeting función
75%
geography geografía
75%
impatience impaciencia
75%
impression, printing impresión
75%
infection infección
75%
instance instancia
75%
institution institución
75%
integration integración
75%
interaction interacción
75%
interruption interrupción
75%
intuition intuición
75%
investigation investigación
75%
invitation invitación
75%
justification justificación
75%
literature literatura
75%
town, locality localidad
75%
march, progress marcha
75%
minority minoría
75%
multitude multitud
75%
narration, account narración
75%
operation operación
75%
orientation, direction orientación
75%
participation, involvement participación
75%
peninsula península
75%
pearl perla
75%
personality, celebrity personalidad
75%
popularity popularidad
75%
possession posesión
75%
posture, position, attitude postura
75%
precipitation, rainfall precipitación
75%
preparation, training preparación
75%
presence, appearance presencia
75%
prevention, warning prevención
75%
probability probabilidad
75%
profession, occupation profesión
75%
protection protección
75%
protein proteína
75%
province, region provincia
75%
reconstruction reconstrucción
75%
relationship, relation relación
75%
repetition repetición
75%
representation representación
75%
residence residencia
75%
respiration, breath respiración
75%
revelation revelación
75%
revolution revolución
75%
salvation, rescue salvación
75%
terrace, balcony terraza
75%
texture textura
75%
transformation transformación
75%
vegetation vegetación
75%
vibration vibración
75%
violation, rape violación
75%
agriculture, farming agricultura
50%
alliance alianza
50%
allusion, hint alusión
50%
absence ausencia
50%
cane, reed caña
50%
capture, snapshot, screenshot captura
50%
charity caridad
50%
career, course, race carrera
50%
colony, cologne colonia
50%
compensation compensación
50%
confession, admission confesión
50%
contradiction contradicción
50%
name, denomination denominación
50%
spread, diffusion difusión
50%
dispute, argument, quarrel disputa
50%
performance, execution ejecución
50%
scene, stage, setting escena
50%
expulsion, ejection expulsión
50%
fiber, grain fibra
50%
fever, excitement fiebre
50%
guarantee, warranty garantía
50%
glory, fame gloria
50%
hormone hormona
50%
inclusion, incorporation incorporación
50%
infancy, childhood infancia
50%
insistence, persistence insistencia
50%
intensity, force intensidad
50%
lesson lección
50%
mindset, mind, mentality mentalidad
50%
metaphor metáfora
50%
mine mina
50%
misery, wretchedness miseria
50%
nostalgia, homesickness nostalgia
50%
mania, obsession obsesión
50%
opportunity, occasion ocasión
50%
orchestra, dance band orquesta
50%
request, petition petición
50%
plaque, plate, badge placa
50%
platform, springboard plataforma
50%
caution, precaution, forethought precaución
50%
proposition proposición
50%
race, lineage raza
50%
fulfillment, realization realización
50%
recipe, prescription receta
50%
renewal, renovation renovación
50%
resignation, renunciation renuncia
50%
(legal) sentence, judgment sentencia
50%
solidarity, togetherness solidaridad
50%
translation traducción
50%
transaction, deal transacción
50%
transparency, slide transparencia
50%
revenge, vengeance venganza
50%
vocation, calling vocación
50%
attitude actitud
25%
anxiety ansiedad
25%
architecture arquitectura
25%
evaluation, qualification calificación
25%
circumstance circunstancia
25%
surgery cirugía
25%
composition, makeup, essay composición
25%
confederation, alliance confederación
25%
cooperative, co-op cooperativa
25%
quality, attribute cualidad
25%
cord, rope cuerda
25%
deficiency, lack deficiencia
25%
statistic estadística
25%
estimate estimación
25%
faculty, ability facultad
25%
fortress, strength fortaleza
25%
hypothesis hipótesis
25%
humidity humedad
25%
loyalty, faithfulness lealtad
25%
protest, manifestation manifestación
25%
wonder, marvel maravilla
25%
mobility, movement movilidad
25%
mobilization movilización
25%
navigation, shipping navegación
25%
nobility, uprightness nobleza
25%
fullness, abundance, plentitude plenitud
25%
poverty, lack, scarcity pobreza
25%
programming, scheduling programación
25%
projection, screening proyección
25%
advertising, publicity publicidad
25%
reflection reflexión
25%
resistance, opposition resistencia
25%
restoration, renovation restauración
25%
sensitivity sensibilidad
25%
symphony sinfonía
25%
succession, series sucesión
25%
substance, essence sustancia
25%
replacement, substitution sustitución
25%
theme temática
25%
temptation tentación
25%
thesis, exposition tesis
25%
transfer, transference transferencia
25%
broadcast, transmission transmisión
25%
surveillance, vigilance vigilancia
25%
cart, wagon carreta
0%
exhibition, display exposición
0%
rage rabia
0%
No matching quizzes found
Score Distribution
Percent of People with Each Score
Percentile by Number Answered
Your Score History
You have not taken this quiz